00842nam a2200241Ia 4500003000400000005001700004008004100021020001800062040001800080041000800098082002100106100002600127245007500153250001200228260003000240300002500270650004100295650004700336650004400383942003000427999001900457952012400476OSt20240827101017.0210716s2002 xx 000 0 und d a9780310205715 cAIMIT LIBRARY aeng a374.22 21bWARR aWarren, Rick.9177965 aPurpose driven life : bwhat on earth am i here for /cBy Rick Warren. a1st ed. aUSA :c2002.bZondervan , a334p. ;bHBc24.5 cm aWhat on earth am i here for 9177966 aYou were planned for gods pleasure9177967 aYou were formed for gods family9177968 2ddccBKe1stk374.22 WARR c206404d206404 001040708MBAaAIMITbAIMITd2011-02-14g19.99l0o374.22 WARRpMBA08970r2026-05-23 00:00:00v959.52w2021-07-16yBK